000 00327nam a22001457a 4500
008 230601b ||||| |||| 00| 0 eng d
020 _a9781111989446
041 _aeng
080 _2EIGHTH EDITION
_a51
082 _a51AUF
100 _a23
101 _aMATE
245 _aBEGINNING ALGEBRA
_cAUFMANN.N.R
942 _2udc
_cBK
999 _c59910
_d59910